000 00842 a2200169 4500
003 NUST
005 20230314135128.0
040 _cNust
082 _a355.02,BEA
100 _aBeaufre, André.
_937951
245 _aDeterrence and strategy /
_cGeneral d' Armee Andre Beaufre ; Translated from the French by R. H. Barry.
260 _aNew York
_b F. A. Praeger
_c c1965
300 _a173 p. illus.
_b (part col.)
_c23 cm.
505 _aPart 1:- The Laws Of Deterrence (Page-1), Deterrence the key to contemporary strategy (Page-23), Analysis of Bilateral Deterrence (Page-34), Multilateral Deterrence (Page-78), Part 2:- The Consequences of Deterrence (Page-107), Military Consequences of Deterrence (Page-107), The Strategy Consequences of Deterrence (Page-137).
650 _aDeterrence and strategy.
_9105777
942 _2ddc
_cBK
_k355.02,BEA
999 _c185104
_d185104